| 000 | 00864nam a2200241Ia 4500 | ||
|---|---|---|---|
| 999 |
_c37647 _d37647 |
||
| 001 | 3619 | ||
| 003 | GE_BSU | ||
| 005 | 20190603145532.0 | ||
| 008 | 181216s1964|||| |||||||||||||| ||geo|| | ||
| 040 | _cGE_BSU | ||
| 041 | _ageo | ||
| 080 | _a547(076.1) გ–51 | ||
| 100 |
_aგიოშვილი,ვ. _91966 |
||
| 245 |
_aორგანული ქიმიის პრაქტიკუმი / _cვ. გიოშვილი ; წულუკიძე ლ. |
||
| 264 |
_aთბილისი : _bცოდნა, _c1964. |
||
| 300 |
_a146 გვ.: _c20 სმ. |
||
| 504 | _aბიბლიოგრ.:გვ.144 | ||
| 653 | _aორგანული ქიმია | ||
| 653 | _aქიმია | ||
| 700 |
_aგიოშვილი,ვ _91966 |
||
| 700 |
_aწულუკიძე, ლ _eრედაქტორი _91778 |
||
| 942 |
_cBK _2udc |
||